000 00758nam a2200241Ia 4500
003 OSt
005 20220923223454.0
006 a|||||r|||| 00| 0
007 ta
008 220922b |||||||| |||| 00| 0 hin d
024 _a217,365
037 _cTextual
040 _aARTS
_cARTS
_bhin
041 _2hin
_ahin
082 _aP152, 152N0;P2(O152D/Tr)
100 _aभाटिया, कैलाशचन्द्र
245 0 _aराजभाषा हिन्दी
246 _aRājabhāṣhā hindī
260 _aदिल्ली
_b वाणी
_c2002
300 _a132i`
_ccm.
942 _hP152, 152N0;P2(O152D/Tr)
_cTEXL
_2CC
999 _c365577
_d365577